| 000 | 00573nam a2200181 a 4500 | ||
|---|---|---|---|
| 005 | 20140412111221.0 | ||
| 008 | 010328s19uu xx 00 eng d | ||
| 020 | _a1-85346-344-2 | ||
| 050 |
_aTR(GS 371.2 _bW47 1995 |
||
| 100 | _aWest, Neville | ||
| 245 |
_aMiddle management in the primary school / _cNeville West. |
||
| 260 |
_aLondon : _bDavid Fulton Publishers Ltd, _c1995. |
||
| 300 | _axi p. ; 132 p. | ||
| 520 | _aa development guide for curriculum leaders, subject managers and senior staff. | ||
| 650 | _aCurriculum | ||
| 650 | _aEducation | ||
| 999 |
_c101934 _d101934 |
||